000 00402nam a2200133Ia 4500
008 220217s9999 xx 000 0 und d
245 0 _aSpecification for rubber conveyor and elevator belting. Part IV. Hygenic belting. (First Revision).
260 _c1978
500 _aStandard number: IS 1891 Part IV
650 _aConveyor belt
650 _aElevator belt
650 _aHygenic belt
942 _cST
999 _c73606
_d73606